| 000 | 00702nam a2200193 a 4500 | ||
|---|---|---|---|
| 001 | 000042247 | ||
| 005 | 20201002040028.0 | ||
| 008 | 131120s2013 dr a 000 0 spa d | ||
| 040 |
_aDO-SdBNP _bspa _cBNPHU |
||
| 082 |
_axxx _bxxx |
||
| 100 | 1 |
_aRestituyo, Plutarco _969272 |
|
| 245 | 1 | 0 |
_aHepatitis B y C en la República Dominicana. / _cPlutarco Restituyo, Ricardo Corporán. |
| 260 |
_aSanto Domingo, : _bUniversitaria, _c2013. |
||
| 300 |
_a240 p. : _bil. ; _c21 cm. |
||
| 500 | _aIncluye datos biografícos de los autores en las solapas de la portada y contraportada. | ||
| 504 | _aBibliografía p: 239-240 | ||
| 500 | _aIncluye referencias bibliografícas | ||
| 700 | 1 |
_aCorporán, Ricardo _925897 |
|
| 999 |
_c41736 _d41736 |
||